000 01685namaa22003371i 4500
005 20260301123632.0
008 251217s1994 ua a|||frm||| 000 0 eng d
040 _aEG-GICUC
_beng
_cEG-GICUC
_dEG-GICUC
_erda
041 0 _aeng
_beng
_bara
049 _aDeposit
097 _aPh.D
099 _aCai01.09.08.Ph.D.1994.kh.C
100 0 _aKhaled Atef Abd EL-Ghaffar,
_epreparation.
245 1 0 _aClinical. Microbiological, And Immunological Features Of Subjects With Rapidly Progressive Periodontitis Among Egyptians /
_cBy Khaled Atef Abd EL -Ghaffar; Supervisors Prof.Dr. Mohammed Hosni Mostafa, Dr. Christopher W. Cutler, Prof.Dr. Momtaz Mahmoud Wasfy, Dr. Mohammed Sherine Hassan.
246 1 5 _aالخصائص السريرية والجرثومية والمناعية في حالات الإلتهاب سريع التقدم لسمحاق السنخ عند المصريين
264 0 _c1994.
300 _a192 Leaves :
_billustrations ;
_c30 cm. +
336 _2rda content
_atext
337 _2rdamedia
_aUnmediated
338 _2rdacarrier
_avolume
502 _aThesis (Ph.D)-Cairo University, 1994.
504 _aBibliography: pages 170-192.
653 0 _aPeriodontology
700 0 _aMohammed Hosni Mostafa
_ethesis advisor.
700 0 _aChristopher W. Cutler
_ethesis advisor.
700 0 _aMomtaz Mahmoud Wasfy
_ethesis advisor.
700 0 _aMohammed Sherine Hassan
_ethesis advisor.
900 _DDepartment of Periodontology
_FFaculty of Oral And Dental Medicine
_UCairo University
_b1994
_cMohammed Hosni Mostafa
_cChristopher W. Cutler
_cMomtaz Mahmoud Wasfy
_cMohammed Sherine Hassan
905 _aEman El gebaly
_eNourhan
942 _2ddc
_cTH
_e21
_n0
999 _c176773